Vista normal Vista MARC
  • Geografía política

Entrada Término temático

Número de registros utilizados en: 3

001 - NÚMERO DE CONTROL

  • campo de control: 97

003 - IDENTIFICADOR DE NÚMERO DE CONTROL

  • campo de control: gtuscu

005 - FECHA Y HORA DE LA ÚLTIMA TRANSACCIÓN

  • campo de control: 20260324154453.0

008 - ELEMENTOS DE DATO DE LONGITUD-FIJA

  • campo de control de longitud fija: 260324|| azz||babn | a|a d

040 ## - FUENTE DE CATALOGACIÓN

  • Centro catalogador/agencia de origen: gtuscu

150 14 - ENCABEZAMIENTO--TÉRMINO DE MATERIA

  • Término de materia o nombre geográfico como elemento de entrada: Geografía política
  • Subdivisión de forma: Historia
  • Subdivisión geográfica: América Central